Etnobotánica : manual de métodos /
Guardado en:
| Autor Principal: | |
|---|---|
| Formato: | Libro |
| Idioma: | Spanish |
| Publicado: |
Montevideo :
Nordan-Comunidad,
1997.
|
| Series: | Pueblos y plantas ;
nº 1 |
| Etiquetas: |
Agregar Etiqueta
Sin Etiquetas, Sea el primero en etiquetar este registro!
|
| LEADER | 00497nam a22001575a 4500 | ||
|---|---|---|---|
| 001 | EEA.libagro007409 | ||
| 005 | 20180522104708.0 | ||
| 008 | 130809s1997####uy#a##########000#0#spa#d | ||
| 020 | |a 9974420725 | ||
| 082 | 0 | 4 | |a 398.368 |
| 100 | 1 | |a Martin, Gary J. | |
| 245 | 1 | 0 | |a Etnobotánica : |b manual de métodos / |c Gary J. Martin. |
| 260 | |a Montevideo : |b Nordan-Comunidad, |c 1997. | ||
| 300 | |a 240 p. : |b il. ; |c 24 cm. | ||
| 490 | 1 | |a Pueblos y plantas ; |v nº 1 | |
| 859 | |a AR-BbBCA |b BIB. AGRONOMIA |h 398.368 |i M381 |p 2005/4780 | ||
